Loading...
| Mythology | 0 | 8 | 1 | 0 | 75 | 18 | 47.38 | 4 | 7 | 45.84 | 66.53 |
| Social Science | 0 | 3 | 0 | 0 | 30 | 71 | 76.00 | 1 | 2 | 9.33 | 21.97 |
| History - Other | 0 | 3 | 0 | 0 | 30 | 39 | 53.67 | 2 | 3 | 15.36 | 25.62 |
| History - World | 0 | 2 | 0 | 0 | 20 | 50 | 65.00 | 2 | 2 | 9.27 | 18.18 |
| Religion | 0 | 2 | 0 | 1 | 20 | 51 | 88.00 | 1 | 1 | 5.06 | 10.61 |
| Science - Physics | 0 | 2 | 0 | 1 | 20 | 84 | 103.50 | 0 | 1 | 2.33 | 9.23 |
| Literature - World | 0 | 2 | 0 | 0 | 20 | 43 | 43.00 | 2 | 2 | 12.58 | 18.18 |
| Philosophy | 0 | 2 | 0 | 0 | 20 | 52 | 76.00 | 1 | 1 | 6.14 | 11.57 |
| Literature - European | 0 | 1 | 0 | 0 | 10 | 70 | 70.00 | 0 | 1 | 4.90 | 6.82 |
| Geography | 0 | 1 | 0 | 0 | 10 | 78 | 78.00 | 0 | 1 | 13.49 | 27.27 |
| History - American | 0 | 1 | 0 | 0 | 10 | 60 | 60.00 | 0 | 1 | 4.99 | 6.61 |
| History - European | 0 | 1 | 0 | 0 | 10 | 34 | 34.00 | 1 | 1 | 6.71 | 8.33 |
| Literature - American | 0 | 1 | 0 | 0 | 10 | 38 | 38.00 | 0 | 1 | 6.83 | 8.33 |
| Literature - British | 0 | 1 | 0 | 0 | 10 | 55 | 55.00 | 0 | 0 | 5.67 | 6.61 |
| Fine Arts - Painting and Sculpture | 0 | 1 | 0 | 0 | 10 | 75 | 75.00 | 0 | 1 | 3.76 | 8.33 |
| Popular Culture | 0 | 1 | 0 | 1 | 10 | 125 | 125.00 | 0 | 0 | 2.65 | 29.17 |
| Science - Biology | 0 | 1 | 1 | 0 | 5 | 78 | 78.00 | 0 | 0 | 2.40 | 3.79 |